000 00547nam a2200181Ia 4500
999 _c14377
_d14377
003 OSt
005 20201022093937.0
008 190216s9999||||xx |||||||||||||| ||und||
020 _a780199553884
040 _coclc
082 _a822.0528
_bGOL/S
100 _aGoldsmith, Oliver
_96036
245 0 _aShe Stoops To Conquer And Other Comedies /
_cOliver Goldsmith
260 _bOxford University Press,
_c1951.
_aNew York:
300 _a394p
650 _aEnglish Drama
942 _cBK
_2ddc
_h822.0523
_iGOL/S
_k822.0523
_mGOL/S